Southville International School and Colleges
Your cart is empty.
  • Cart
  • Lists
    Public lists Eva Luna New books Lux_list list_1
    Your lists Log in to create your own lists
  • Log in to your account
  • Your cookies
  • Search history
Southville International School and Colleges
  • Advanced search
  • Recent comments
  • Most popular
  • Libraries

Log in to your account

Log in with GOOGLE


If you do not have an external account, but do have a local account, you can still log in:

  1. Home
  2. MARC view: Nicola and the Viscount /
Normal view MARC view ISBD view

Nicola and the Viscount / (Record no. 289026)

[ view plain ]
MARC details
000 -LEADER
fixed length control field 01091cam a22003373a 4500
001 - CONTROL NUMBER
control field 13246207
003 - CONTROL NUMBER IDENTIFIER
control field PILC
005 - DATE AND TIME OF LATEST TRANSACTION
control field 20160104112258.0
008 - FIXED-LENGTH DATA ELEMENTS--GENERAL INFORMATION
fixed length control field 020725s2002 nyu j 000 1 eng d
010 ## - LIBRARY OF CONGRESS CONTROL NUMBER
LC control number 2002090319
020 ## - INTERNATIONAL STANDARD BOOK NUMBER
International Standard Book Number 0060005521 (pbk.) :
Terms of availability $4.99
035 ## - SYSTEM CONTROL NUMBER
System control number (OCoLC)ocm50240502
040 ## - CATALOGING SOURCE
Original cataloging agency EOW
Transcribing agency EOW
Modifying agency OCLCQ
-- DLC
042 ## - AUTHENTICATION CODE
Authentication code lccopycat
050 ## - LIBRARY OF CONGRESS CALL NUMBER
Classification number PZ 7
Item number .C116 2002
100 1# - MAIN ENTRY--PERSONAL NAME
Personal name Cabot, Meg.
245 10 - TITLE STATEMENT
Title Nicola and the Viscount /
Statement of responsibility, etc Meg Cabot.
260 ## - PUBLICATION, DISTRIBUTION, ETC. (IMPRINT)
Place of publication, distribution, etc New York, N.Y. :
Name of publisher, distributor, etc Avon Books,
Date of publication, distribution, etc 2002.
300 ## - PHYSICAL DESCRIPTION
Extent 261 pages ;
Dimensions 18 cm.
440 #2 - SERIES STATEMENT/ADDED ENTRY--TITLE
Title An Avon true romance
490 0# - SERIES STATEMENT
Series statement Avon teen fiction
650 #0 - SUBJECT ADDED ENTRY--TOPICAL TERM
Topical term or geographic name as entry element Romance fiction.
651 #0 - SUBJECT ADDED ENTRY--GEOGRAPHIC NAME
Geographic name London (England)
Form subdivision Juvenile fiction.
655 #7 - INDEX TERM--GENRE/FORM
Genre/form data or focus term Young adult fiction.
Source of term gsafd
655 #7 - INDEX TERM--GENRE/FORM
Genre/form data or focus term Love stories.
Source of term gsafd
710 2# - ADDED ENTRY--CORPORATE NAME
Corporate name or jurisdiction name as entry element Copyright Paperback Collection (Library of Congress)
Institution to which field applies DLC
856 42 - ELECTRONIC LOCATION AND ACCESS
Materials specified Publisher description
Uniform Resource Identifier <a href="http://www.loc.gov/catdir/description/hc043/2002090319.html">http://www.loc.gov/catdir/description/hc043/2002090319.html</a>
906 ## - LOCAL DATA ELEMENT F, LDF (RLIN)
a 7
b cbc
c copycat
d 2
e ncip
f 20
g y-genrareb
942 ## - ADDED ENTRY ELEMENTS (KOHA)
Source of classification or shelving scheme Library of Congress Classification
Koha item type Books
Holdings
Withdrawn status Lost status Source of classification or shelving scheme Damaged status Home library Current library Shelving location Date acquired Source of acquisition Sub Shelving location Total Checkouts Full call number Barcode Date last seen Price effective from Koha item type
    Library of Congress Classification   College Library College Library Fiction Section 01/04/2016 Donation     PZ 7 .C116 2002 C20329 04/24/2017 01/04/2016 Books

Nicola and the Viscount /

APA

Cabot M., Copyright Paperback Collection (Library of Congress), . (2002). Nicola and the Viscount. New York, N.Y: Avon Books.

Chicago

Cabot Meg, Copyright Paperback Collection (Library of Congress), . 2002. Nicola and the Viscount. New York, N.Y: Avon Books.

Harvard

Cabot M., Copyright Paperback Collection (Library of Congress), . (2002). Nicola and the Viscount. New York, N.Y: Avon Books.

MLA

Cabot Meg, Copyright Paperback Collection (Library of Congress), . Nicola and the Viscount. New York, N.Y: Avon Books. 2002.

  • Place hold
  • Print
  • Cite
  • Add to your cart (remove)
  • Save record
    BIBTEX Dublin Core MARCXML MARC (non-Unicode/MARC-8) MARC (Unicode/UTF-8) MARC (Unicode/UTF-8, Standard) MODS (XML) RIS
  • More searches
    Search for this title in:
    Other Libraries (WorldCat) Other Databases (Google Scholar) Online Stores (Bookfinder.com) Open Library (openlibrary.org)

Exporting to Dublin Core...

SOUTHVILLE LIBRARY

Southville International School and Colleges Library

1281 Tropical Ave. Cor. Luxembourg St., BF Homes International, Las Pinas City

Tel. No. 8256374 / 252358 Loc. 117/146

Powered by Koha